• 首页
  • 本馆介绍
  • 公告通知
  • 最新文献
  • 馆藏检索
  • 电子资源
  • 读者导购
  • 参考咨询
  • 我的图书馆
  • 登录
  • 详细信息显示
  • 放入我的书架
  • 预约/预借图书
  • 作者相关作品
  • 分类相关作品
  • 丛书相关作品
  • 出版社相关作品

书目信息

  • 表格格式
  • 工作单格式
  • 卡片格式
题名:
中国工商经营
    
 
作者: 李少民 何小锋 游汉明
分册:  
出版信息: 北京   北京大学出版社  2000
页数: 442
开本: 20cm
丛书名:
单 册:
中图分类: F203.9
科图分类:
主题词: 国民经济--经济管理
电子资源:
ISBN: 7-301-04620-0
000 00592nam0 2200181 450
001 0760515518
005 20070817164835.51
010    @a7-301-04620-0@d¥22.00
100    @a20070817d km y0chiy0120 ea
101 0  @achi
200 1  @a中国工商经营@Azhong guo gong shang jing ying@f李少民 何小锋 游汉明@Fli shao min he xiao feng you han ming
210    @a北京@c北京大学出版社@d2000
215    @a442@d20cm
606 0  @a国民经济@x经济管理
690    @aF203.9@v3
701  0 @a李少民 何小锋 游汉明@Ali shao min he xiao feng you han ming
801  0 @aCN@bPFT@c20070817
905    @a213230@dF203.9@eg19@f1
    
    中国工商经营/李少民 何小锋 游汉明.-北京:北京大学出版社,2000
    442;20cm
    
    
    ISBN 7-301-04620-0:¥22.00
    
●
相关链接 在E读中查询图书 在五车中查询图书 在当当中查询图书 在豆瓣中查询图书


正题名:中国工商经营     索取号:F203.9/g19         预约/预借

序号 登录号 条形码 馆藏地/架位号 状态 备注
1 6501825   265018250   密集书库-海洋学院/ [索取号:F203.9/g19] 在馆    
唐山师范学院图书馆 欢迎您!
大连网信软件有限公司© 版权所有